000 00680nam a2200217 i 4500
001 27587
003 ES-MaACL
005 20230906153644.0
007 t|
008 030115s1898 fr ||||1| fre d
100 1 _aAucamus, Eugène.
_923832
245 1 0 _aFumisterie
_b: chauffage et ventilation /
_cEugène Aucamus.
260 _a[S.l. :
_bs.n.,
_c1898] (
_fTours Deslin Frerès)
300 _aX, 290 p. ;
_c19 cm.
490 1 _aBibliothèque du conducteur de travaux publics
650 0 4 _aVentilación.
_9136979
650 4 _aCalefacción.
_9155174
830 0 _aBibliothèque du conducteur de travaux publics
_9180955
852 _aES-MaACL
_jF-2064
999 _c27587
_d27587